Moderní metody modelování ekonomických časových řad /

Hlavní autor: Arlt, Josef, 1962-
Jazyk: Čeština
Vydáno: Praha : Grada, 1999
Vydání: Vyd. 1.
Témata:
Externí odkaz: Digitalizovaný dokument
Fyzický popis: 307 s. : il. ; 23 cm
Knihy
Uloženo v:
LEADER 01665nam a2200397 a 4500
001 000421656
003 CZ BrMZK
005 20230922101144.0
007 ta
008 020927s1999 xr a e p |||| 0 cze d
015 |a cnb000662284 
020 |a 80-7169-539-4 
035 |a (OCoLC)42616648 
040 |a BOA001  |b cze 
072 7 |a 519.1/.8  |x Kombinatorika. Teorie grafů. Matematická statistika. Operační výzkum. Matematické modelování  |2 Konspekt  |9 13 
072 7 |a 37.016  |x Učební osnovy. Vyučovací předměty. Učebnice  |2 Konspekt  |9 22 
080 |a 33  |2 MRF 
080 |a 519.246.8  |2 MRF 
080 |a 519.673  |2 MRF 
080 |a (075)  |2 MRF 
100 1 |a Arlt, Josef,  |d 1962-  |7 jo20000079968  |4 aut 
245 1 0 |a Moderní metody modelování ekonomických časových řad /  |c Josef Arlt 
250 |a Vyd. 1. 
260 |a Praha :  |b Grada,  |c 1999 
300 |a 307 s. :  |b il. ;  |c 23 cm 
504 |a Obsahuje bibliografii a rejstřík 
650 0 7 |a ekonomie  |7 ph114430  |2 czenas 
650 0 7 |a analýza časových řad  |7 ph135573  |2 czenas 
650 0 7 |a matematické modelování  |7 ph115240  |2 czenas 
655 7 |a učebnice  |7 fd133770  |2 czenas 
856 4 1 |u http://www.digitalniknihovna.cz/mzk/uuid/uuid:93811f10-f197-11ea-b9b3-005056827e51  |y Digitalizovaný dokument  |x NDK 
910 |a BOA001  |b TK-0265.044  |b 2-1059.513 
990 |a BK 
996 6 |b 2610093005  |c 2-1059.513  |l MZK  |r STM 6p  |n 14  |p p.v.  |h 519 ARL  |w 000421656  |u 000020  |a 0  |e BOA001  |j MZK50  |s P 
996 6 |b 2610717054  |c 2-1059.513  |l MZK  |r Sklad / do 1 hodiny  |n 2  |p kup  |w 000421656  |u 000030  |a 1  |e BOA001  |j MZK50  |s P 
996 7 |b 2620014765  |c TK-0265.044  |l MZK  |r Sklad / do 24 hodin  |n 49  |p kup  |w 000421656  |u 000010  |a 1  |e BOA001  |j MZK50  |s A